000 00242nam a2200097Ia 4500
001 679814
005 20250826161329.0
008 250824s9999 xx 000 0 und d
245 0 _aGECE UÇUŞLARI
_cİSHAK REYNA
260 _bGÜNIŞIĞI YAYINLARI
999 _c679814
_d679814